Introducción a la economía. Un enfoque estructuralista (Registro nro. 2397)

Detalles MARC
000 -ENCABEZADO
Número de control [NR] 00717nam a2200217Ia 4500
008 - DE LONGITUD FIJA DE DATOS DE ELEMENTOS - INFORMACIÓN GENERAL
Elementos de longitud fija [NR] 130821s1993 mx gr spa
020 ## - NUMERO INTERNACIONAL NORMALIZADO PARA LIBROS [R]
Número Internacional Normalizado del libro [NR] 9682301343
040 ## - FUENTE DE CATALOGACION [NR]
Agencia de catalogación original [NR] Co-BoUCM
Idioma de catalogación [NR] spa
041 ## - CODIGO DE IDIOMA [R]
Código de idioma para texto/pista de sonido o título separado [R] Español
100 ## - ASIENTO PRINCIPAL--NOMBRE PERSONAL [NR]
Nombre personal [NR] Barros de Castro, Antonio
245 ## - MENCION DE TITULO [NR]
Título [NR] Introducción a la economía. Un enfoque estructuralista
Mención de responsabilidad, etc. [NR] Por Antonio Barros de Castro y Carlos Francisco Lessa
250 ## - MENCION DE EDICION [NR]
Mención de edición [NR] 51a. ed.
260 ## - PUBLICACION, DISTRIBUCION, ETC. (PIE DE IMPRENTA) [R]
Lugar de publicación, distribución, etc. [R] México D.F. (México)
Nombre del editor, distribuidor, etc. [R] Siglo Veintiuno Editores
Fecha de publicación, distribución, etc. [R] 1993
300 ## - DESCRIPCION FISICA [R]
Extensión [R] 164 páginas
504 ## - NOTA DE BIBLIOGRAFIA, ETC. [R]
Nota de bibliografía, etc. [NR]
650 04 - ASIENTO SECUNDARIO DE MATERIA - TERMINO TEMATICO [R]
Término temático o nombre geográfico como elemento de entrada [NR] Economía
9 (RLIN) 174
650 04 - ASIENTO SECUNDARIO DE MATERIA - TERMINO TEMATICO [R]
Término temático o nombre geográfico como elemento de entrada [NR] Filosofía
9 (RLIN) 75
650 04 - ASIENTO SECUNDARIO DE MATERIA - TERMINO TEMATICO [R]
Término temático o nombre geográfico como elemento de entrada [NR] Sistemas económicos
9 (RLIN) 24652
942 ## - ELEMENTOS DE ENTRADA AGREGADOS (KOHA)
Tipo de ítem principal el descrito en 300a Libro
Tema principal Economía
Edición 51
Parte restante de la signatura top. B17
Sistema de clasificación DEWEY
Clasificación 330
Existencias
Fecha de último préstamo Total préstamos Signatura topográfica Código de barras Última vez visto Volúmen / Fascículo Ejemplar Price effective from Tipo de ítem Perdido Dañado No prestable Tipo de ítem específico Suprimido Ubicación habitual Ubicación actual Localización Fecha de creación Forma de adquisición Costo Total Renewals
04/03/2020 9 330 B17 100033745 03/12/2025 51A. ED Ej.2 03/02/2013 Libro       Libro   Claustro Claustro Mezanine 28/02/2003 Compra 16000.00  
29/02/2020 5 330 B17 100033744 03/12/2025 51A. ED Ej.1 03/02/2013 Libro       Libro   Claustro Claustro Mezanine 28/02/2003 Compra 16000.00 2
04/03/2020 2 330 B17 100033746 03/12/2025 51A. ED Ej.3 03/02/2013 Libro       Libro   Claustro Claustro Mezanine 28/02/2003 Compra 16000.00